|
|
|
|
| LEADER |
00000ngm a2200000 a 4500 |
| 001 |
vtls010283607 |
| 003 |
SK-MaSNL |
| 005 |
20260301031819.0 |
| 007 |
vd cvaizu |
| 008 |
110606p2009 xo 096 vlcze |
| 040 |
|
|
|a SNK
|b slo
|c SNK
|e AACR2
|
| 041 |
0 |
|
|a cze
|b cze
|h ger
|
| 044 |
|
|
|a xo
|c SK
|
| 072 |
|
7 |
|a 791
|x Film. Cirkus. Ľudová zábava
|2 konspekt
|
| 080 |
|
|
|a 791-21
|2 2011
|
| 080 |
|
|
|a 791.221/.228
|2 2011
|
| 080 |
|
|
|a 791.221.41
|2 2011
|
| 080 |
|
|
|a (0.034.44)
|2 2011
|
| 245 |
0 |
0 |
|a Miláček z Paříže
|h videozáznam
|c režisér: Helmut Käutner
|
| 260 |
|
|
|a [Bratislava
|b Ringier
|c 2009]
|
| 300 |
|
|
|a 1 videodisk (DVD) (96 min.)
|b zvuk, fareb.
|c 12 cm
|
| 490 |
1 |
|
|a Nový Čas vás baví extra
|
| 500 |
|
|
|a Nemecký romantický film z roku 1957
|
| 500 |
|
|
|a Názov z obalu
|
| 508 |
|
|
|a Scenár: Helmut Käutner
|
| 511 |
|
|
|a Hrajú: Romy Schneider, Horst Buchholz, Mara Lane... [et al.]
|
| 538 |
|
|
|a DVD video; zvuk Dolby Digital 2.0, obraz 16:9
|
| 546 |
|
|
|a V originálnom nemeckom jazyku, dabing česky, titulky české
|
| 650 |
0 |
7 |
|a celovečerné filmy
|2 SNKPH
|9 58404
|
| 650 |
0 |
7 |
|a hrané filmy
|2 SNKPH
|9 68885
|
| 650 |
0 |
7 |
|a romantické filmy
|2 SNKPH
|9 327678
|
| 650 |
0 |
7 |
|a Feature films
|2 SNKPHeng
|9 325882
|
| 650 |
0 |
7 |
|a Romantic films
|2 SNKPHeng
|9 327958
|
| 655 |
|
7 |
|a DVD
|2 SNKPH
|9 70751
|
| 700 |
1 |
|
|a Käutner, Helmut,
|d 1908-1980
|4 drt, sce
|9 327959
|
| 700 |
1 |
|
|a Schneider, Romy,
|d 1938-1982
|4 act
|9 153427
|
| 700 |
1 |
|
|a Buchholz, Horst,
|d 1933-2003
|4 act
|9 25842
|
| 700 |
1 |
|
|a Lane, Mara,
|d 1930-
|4 act
|9 327960
|
| 830 |
|
0 |
|a Nový Čas vás baví extra
|9 326689
|
| 999 |
|
|
|c 577361
|d 579291
|
| 952 |
|
|
|a SNK
|b SNK
|y PREZ
|7 0
|p 17A0704236
|o snkSDVD 1244 D1
|i snk2011/12940
|8 0
|0 0
|1 0
|4 0
|d 2011-06-06
|l 0
|r 2026-02-23 14:38:02
|w 2026-02-23
|
| 952 |
|
|
|a SNK
|b SNK
|y PREZ
|7 0
|p 17A0704237
|o snkSDVD 1244
|i snk2011/12939
|8 0
|0 0
|1 0
|4 0
|d 2011-06-06
|l 0
|r 2026-02-23 14:38:02
|w 2026-02-23
|